| 000 | 01497nam a2200421 i 4500 | ||
|---|---|---|---|
| 001 | 31212 | ||
| 003 | KOSZ 005 | ||
| 005 | 20221219090906.0 | ||
| 008 | 950505s1994 pl f |000 0 pol | ||
| 020 | _a8385428070 | ||
| 040 |
_cKOSZ 005 _aKOSZ 005 _dKOSZ 005/HR |
||
| 046 | _k1994 | ||
| 080 | _a005.2 | ||
| 080 | _a658.1/.5 | ||
| 080 | _a(07) | ||
| 100 | 1 |
_aPenc, Józef _d(1939-2017) _eAutor |
|
| 245 | 0 | 0 |
_aStrategie zarządzania : _bperspektywiczne myślenie, systemowe działanie. _n[Cz. 1], _pStrategiczne myślenie i działanie / _cJózef Penc. |
| 246 | 3 | 0 | _aStrategiczne myślenie i działanie |
| 260 |
_aWarszawa : _b"Placet", _c1994. |
||
| 300 |
_a221 s. : _brys., wykr. ; _c24 cm. |
||
| 336 |
_2rdacontent _aTekst _btxt |
||
| 337 |
_2rdamedia _aBez urządzenia pośredniczącego _bn |
||
| 338 |
_2rdacarrier _aWolumin _bnc |
||
| 380 | _aKsiążki | ||
| 388 | _a1901-2000 | ||
| 388 | _a1989-2000 | ||
| 490 | 1 | _aBiblioteka Biznesmena ; | |
| 500 | _aU dołu okł. : Teoria i praktyka zarządzania : drogi do sukcesu firmy, polsko-angielski słownik stratega. | ||
| 504 | _aIndeksy. | ||
| 650 | 4 | _aPrzedsiębiorstwo | |
| 650 | 4 | _aZarządzanie strategiczne | |
| 655 | 4 | _aPodręcznik | |
| 658 | _aZarządzanie i marketing | ||
| 710 | 2 |
_aWydawnictwo Placet _4pbl |
|
| 830 | 0 | _aBiblioteka Biznesmena | |
| 856 |
_uhttp://koha.tu.koszalin.pl/cgi-bin/koha/opac-detail.pl?biblionumber=31212 _yKatalog online BPK |
||
| 942 |
_cKS _2UKD |
||
| 999 |
_c31212 _d31212 |
||